[Event "San Sebastian Mailako op 2nd"]
[Site "San Sebastian"]
[Date "2008.11.08"]
[Round "4"]
[White "Goni Garmendia, Aitor"]
[Black "Aguado Zabaleta, Felix"]
[Result "1-0"]
[WhiteElo "1825"]
[BlackElo "1813"]
[PlyCount "65"]
[EventDate "2008.10.18"]
[EventType "swiss"]
[EventRounds "7"]
[EventCountry "ESP"]
[SourceTitle "EXT 2011"]
[Source "ChessBase"]
[SourceDate "2010.11.26"]
[SourceVersion "1"]
[SourceVersionDate "2010.11.26"]
[SourceQuality "1"]

1. e4 e6 2. d4 d5 3. exd5 exd5 4. Bd3 Bd6 5. Nc3 Ne7 6. Bg5 c6 7. Qh5 Be6 8. f4 Qb6 9. Nge2 Nf5 10. 0-0-0 g6 11. Qf3 h5 12. h3 Nd7 13. Bxf5 gxf5 14. Ng3 f6 15. Rde1 Kf7 16. Rxe6 Kxe6 17. Re1+ Kf7 18. Nxf5 Bb4 19. Nh6+ Rxh6 20. Bxh6 Kg6 21. f5+ Kxh6 22. Qg3 Nf8 23. Qf4+ Kg7 24. a3 Bxa3 25. bxa3 Qd8 26. g4 h4 27. Qf2 Qd6 28. Qxh4 Qxa3+ 29. Kd2 Qd6 30. g5 fxg5 31. Qxg5+ Kh8 32. Re7 Nh7 33. Qg7# 1-0